Metodología para la enseñanza práctica de las instalaciones Hidráulicas y sanitarias

Bibliographic Details
Main Author: Hidalgo Galbán, Rodolfo
Format: Section = Libro
Language:Undetermined
Spanish
Published: La Habana Pueblo y Educación 1982
Subjects:
LEADER 00585nam a2200193Ia 4500
008 240829s9999 xx 000 0 und d
040 |a BIBLIOTECA-RUPAP 628 H632 
041 |a spa 
082 |a 628 H632 
100 1 |a Hidalgo Galbán, Rodolfo 
245 1 0 |a Metodología para la enseñanza práctica de las instalaciones Hidráulicas y sanitarias 
260 |a La Habana  |b Pueblo y Educación  |c 1982 
300 |a 305 p. :il. 
650 7 |a INGENIERIA SANITARIA 
650 7 |b  ESTRUCTURAS HIDRAULICAS 
650 7 |c  CONSTRUCCION. I. Tít. 
942 |c BK  |2 ddc 
991 |a TEXTO 
999 |c 9553